| 000 | 01017pam a2200301 a 4500 | ||
|---|---|---|---|
| 008 | |||
| 020 | _a0415057116 (hbk.) | ||
| 020 | _a0415080312 (pbk.) | ||
| 049 | _aMAIN | ||
| 090 | 0 | _aTC409 | |
| 100 | 1 | _aNewson, Malcolm David. | |
| 245 | 1 | 0 |
_aLand, water and development : _briver basin systems and their sustainable management / _cMalcolm Newson. |
| 260 |
_aLondon ; _aNew York : _bRoutledge, _c1992. |
||
| 300 |
_axxxi, 351 p. : _bill., maps ; _c24 cm. |
||
| 440 | 0 | _aRoutledge natural environment--problems and management series. | |
| 504 | _aIncludes bibliographical references. | ||
| 500 | _aIncludes index. | ||
| 650 | 0 | _aWatershed management. | |
| 650 | 0 | _aRiver engineering. | |
| 650 | 0 | _aWater resources development. | |
| 653 | 0 |
_aNatural resources _aWater _aDevelopment. |
|
| 653 | 0 |
_aDrainage basins _aManagement. |
|
| 907 |
_a.b10197102 _b28-03-06 _c28-03-06 |
||
| 003 | |||
| 005 | 20230123134203.0 | ||
| 040 | _cNUST | ||
| 942 |
_cBOOKS _kTC409 |
||
| 999 |
_c161547 _d161547 |
||